<?xml version="1.0" encoding="UTF-8"?>
<record
    xmlns:xsi="http://www.w3.org/2001/XMLSchema-instance"
    xsi:schemaLocation="http://www.loc.gov/MARC21/slim http://www.loc.gov/standards/marcxml/schema/MARC21slim.xsd"
    xmlns="http://www.loc.gov/MARC21/slim">

  <leader>01967cam a2200253 a 4500</leader>
  <controlfield tag="003">OSt</controlfield>
  <controlfield tag="005">20210303153007.0</controlfield>
  <controlfield tag="008">130202s2000    ck      r     001 0 spa d</controlfield>
  <datafield tag="020" ind1=" " ind2=" ">
    <subfield code="a">9586353761</subfield>
  </datafield>
  <datafield tag="040" ind1=" " ind2=" ">
    <subfield code="a">DLC</subfield>
    <subfield code="c">CO-JMCR</subfield>
    <subfield code="d">CO-BoPUJ</subfield>
  </datafield>
  <datafield tag="041" ind1="0" ind2=" ">
    <subfield code="a">spa</subfield>
  </datafield>
  <datafield tag="082" ind1="0" ind2="4">
    <subfield code="a">341.78 / </subfield>
    <subfield code="b">M753d</subfield>
    <subfield code="2">23</subfield>
  </datafield>
  <datafield tag="100" ind1="1" ind2=" ">
    <subfield code="a">Mahecha S&#xE1;nchez, Gloria Andrea, </subfield>
    <subfield code="e">autor</subfield>
    <subfield code="9">14319</subfield>
  </datafield>
  <datafield tag="245" ind1="1" ind2="0">
    <subfield code="a">Negocios solidarios contempor&#xE1;neos</subfield>
    <subfield code="b">negocios gratuitos individuales : negocios gratuitos colectivos : derecho comparado de los negocios gratuitos</subfield>
    <subfield code="c">Andrea Mahecha S&#xE1;nchez</subfield>
  </datafield>
  <datafield tag="250" ind1=" " ind2=" ">
    <subfield code="a">Primera edici&#xF3;n </subfield>
  </datafield>
  <datafield tag="260" ind1=" " ind2=" ">
    <subfield code="a">Bogot&#xE1; : </subfield>
    <subfield code="b">Librer&#xED;a del Profesional</subfield>
    <subfield code="c">2000.</subfield>
  </datafield>
  <datafield tag="300" ind1=" " ind2=" ">
    <subfield code="a">xxxii, 328 p&#xE1;ginas ; </subfield>
    <subfield code="c">24 cm.</subfield>
  </datafield>
  <datafield tag="504" ind1=" " ind2=" ">
    <subfield code="a">Bibliograf&#xED;a : p&#xE1;ginas 317-322.</subfield>
  </datafield>
  <datafield tag="505" ind1="0" ind2=" ">
    <subfield code="a">Nociones generales -- Ley aplicable al proceso -- Jurisdicci&#xF3;n y competencia internacional -- Ley que rige los presupuestos procesales -- Ley aplicable a la prueba -- Conocimiento y aplicaci&#xF3;n del derecho extranjero -- La cooperaci&#xF3;n internacional en el proceso -- Recepci&#xF3;n de las pruebas judiciales en el exterior -- Exhortos o cartas rogatorias para notificaciones, citaciones, emplazamientos e informes que se soliciten a autoridades extranjeras --  Exhortos o cartas rogatorias para la pr&#xE1;ctica de pruebas en el exterior -- Convenci&#xF3;n de haya sobre obtenci&#xF3;n de pruebas en el extranjero en materia civil y comercial y su protocolo adicional -- Convenciones de la haya que suprime la exigencia de la legalizaci&#xF3;n de los documentos p&#xFA;blicos extranjeros, y sobre notificaci&#xF3;n o traslado de documentos en el extranjero -- Medidas cautelares sobre bienes situados en el exterior -- Reconocimiento y ejecuci&#xF3;n de sentencias y laudos arbitrales extranjeros -- Condiciones jur&#xED;dicas procesal de los extranjeros </subfield>
  </datafield>
  <datafield tag="650" ind1="2" ind2="4">
    <subfield code="a">Contratos a t&#xED;tulo gratuito</subfield>
    <subfield code="9">14320</subfield>
  </datafield>
  <datafield tag="650" ind1="2" ind2="4">
    <subfield code="a">Econom&#xED;a solidaria</subfield>
    <subfield code="x">Legislaci&#xF3;n</subfield>
    <subfield code="z">Colombia</subfield>
    <subfield code="9">14321</subfield>
  </datafield>
  <datafield tag="650" ind1="2" ind2="4">
    <subfield code="a">Donaciones ben&#xE9;ficas</subfield>
    <subfield code="x">Legislaci&#xF3;n</subfield>
    <subfield code="z">Colombia</subfield>
    <subfield code="9">14322</subfield>
  </datafield>
  <datafield tag="942" ind1=" " ind2=" ">
    <subfield code="2">ddc</subfield>
    <subfield code="c">BK</subfield>
  </datafield>
  <datafield tag="999" ind1=" " ind2=" ">
    <subfield code="c">7432</subfield>
    <subfield code="d">7432</subfield>
  </datafield>
  <datafield tag="952" ind1=" " ind2=" ">
    <subfield code="0">0</subfield>
    <subfield code="1">0</subfield>
    <subfield code="2">ddc</subfield>
    <subfield code="4">0</subfield>
    <subfield code="7">0</subfield>
    <subfield code="a">CPL</subfield>
    <subfield code="b">CPL</subfield>
    <subfield code="c">GEN</subfield>
    <subfield code="d">0000-00-00</subfield>
    <subfield code="e">Donaci&#xF3;n</subfield>
    <subfield code="l">0</subfield>
    <subfield code="o">341.78 / M753d</subfield>
    <subfield code="p">201810522</subfield>
    <subfield code="r">2024-05-16 00:00:00</subfield>
    <subfield code="t">Ej.1</subfield>
    <subfield code="w">0000-00-00</subfield>
    <subfield code="y">BK</subfield>
  </datafield>
</record>
